| 000 | 01235nam0a22002771 4500 | ||
|---|---|---|---|
| 001 | rc\3963379 | ||
| 005 | 20250611040550.0 | ||
| 021 |
_aRU _b[57-2344] |
||
| 035 | _a(NLR Aleph) 008051473 | ||
| 090 |
_a8944421 _c8944421 |
||
| 100 | _a20130415d1956 |||y0rusy50 ca | ||
| 101 | 0 | _arus | |
| 102 | _aRU | ||
| 105 | _aa z ||||| | ||
| 200 | 1 |
_aРуководство по машиностроительному черчению и выполнению контрольных работ _eУчеб.-метод. пособие _eДля студентов всех специальностей заоч. высш. техн. учеб. заведений и отд-ний, кроме строит. _fМ-во высш. образования СССР. Метод. упр. |
|
| 205 | _a2-е изд. | ||
| 210 |
_aМосква _cСов. наука _d1956 |
||
| 215 |
_a94 с. _cчерт. _d20х25 |
||
| 300 | _aНа обл. авт. не указан | ||
| 606 |
_aМашиностроительное черчение _jПособия заочные _2psbo |
||
| 700 | 1 |
_aИванов _bН.Н. _gНиколай Николаевич |
|
| 801 | 0 |
_aRU _bNLR _gpsbo |
|
| 801 | 1 |
_aRU _bELAR _2rusmarc |
|
| 852 |
_aNLR _j57-7/115 |
||
| 942 | _cBOOK | ||
| 980 | _aNB | ||